10 Most Valuable Football Players in 2010 - Statistics

General Stats
  • This quiz has been taken 19 times
  • The average score is 9 of 10
Answer Stats
Value (€) Country Team (2010) Answer % Correct
60M Spain Barcelona Andrés Iniesta
100%
90M Portugal Real Madrid Cristiano Ronaldo
100%
100M Argentina Barcelona Lionel Messi
100%
65M Spain Barcelona Xavi
100%
50M France Bayern Munich Franck Ribéry
94%
55M England Manchester United Wayne Rooney
94%
55M Spain Arsenal Cesc Fàbregas
78%
50M Spain Liverpool Fernando Torres
78%
50M Brazil Real Madrid Kaká
72%
50M Spain Barcelona David Villa
67%
No matching quizzes found
Score Distribution
Percent of People with Each Score
Percentile by Number Answered
Your Score History
You have not taken this quiz